Empires between Islam and Christianity (1500-1800) (Record no. 30280)

MARC details
000 -LEADER
fixed length control field 00476nam a2200169Ia 4500
008 - FIXED-LENGTH DATA ELEMENTS--GENERAL INFORMATION
fixed length control field 230917s9999||||xx |||||||||||||| ||und||
020 ## - ISBN
Price RS995
040 ## - CATALOGING SOURCE
-- 254106
Original cataloging agency VIVEKANANDA LIBRARY
041 ## - Language
-- English
082 ## - DDC NUMBER
Classification number 954.02 S16E
100 ## - MAIN ENTRY--PERSONAL NAME
Personal name Subrahmanyam, Sanjay
245 #0 - TITLE STATEMENT
Title Empires between Islam and Christianity (1500-1800)
260 ## - PUBLICATION, DISTRIBUTION, ETC. (IMPRINT)
Place of publication, distribution, etc Ranikhet
Name of publisher, distributor, etc Permanent Black
Date of publication, distribution, etc 2018
300 ## - PHYSICAL DESCRIPTION
Pages xiv, 457 p.
500 ## - GENERAL NOTE
General note 3410 21/01/2019 HBD19/7715 11/02/2019 Main Budget
942 ## - ADDED ENTRY ELEMENTS (KOHA)
Koha item type Books
Holdings
Withdrawn status Lost status Damaged status Not for loan Location (home branch) Sublocation or collection (holding branch) Date acquired Koha issues (times borrowed) Koha full call number Accession No. Koha date last seen Koha item type
        VIVEKANANDA LIBRARY VIVEKANANDA LIBRARY 18/03/2019 1 954.02 S16E 387682 17/04/2025 Books
© Designed and Maintained by Vivekananda Library, MDU Rohtak